000
00322pab a2200121 454500
008
180718b xxu||||| |||| 00| 0 eng d
100
_a
Kolay M.K.
245
_a
Organisational productivity: how to account for?
362
_a
34(4), Jan-Mar 1994, p.646-52
650
_a
Organisations
773
_a
Productivity
909
_a
26922
999
_c
26922
_d
26922